000 00390nam a2200145Ia 4500
008 210210b1975 xxu||||| |||| 00| 0 eng d
082 _a181 MULS
100 _aMULLER (F Max).
245 _aSacred books of the east.V14:Sacred laws of the Aryas.
260 _aNew Delhi.
_bMotilal Banarsidass.,
_c1975
300 _axlv,360
650 _aAryas
690 _aPhilosophy
906 _aSG01793
999 _c113109
_d113109